000 00328nam a2200109Ia 4500
008 171204s9999 xx 000 0 und d
245 _aPrinciples of Operating Systems:
245 _cNaresh Chauhan
260 _c2014
650 _xADVANCED OPERATING SYSTEM AND NETWORKING
856 _uhttp://down.ebook777.com/053/0198082878.pdf
999 _c347115
_d347115